Statistics for Flags of North and South America in 1840

Click here to take the quiz!

General Stats

  • This quiz has been taken 186 times
  • The average score is 14 of 20

Answer Stats

Answer% Correct
United States
99%
Chile
95%
Haiti
92%
Texas
92%
Uruguay
85%
Mexico
84%
Argentina
83%
Peru
83%
Brazil
77%
Honduras
71%
Ecuador
70%
New Granada
70%
Venezuela
70%
Central America
68%
Guatemala
61%
Bolivia
58%
Costa Rica
54%
Paraguay
47%
Nicaragua
34%
Piratini
22%

Score Distribution

Percentile by Number Answered

Percent of People with Each Score

Your Score History

You have not taken this quiz